[Event "MCRE_CF19"]
[Site "?"]
[Date "2008.??.??"]
[Round "?"]
[White "Bednarik, Radovan"]
[Black "Nigrin, Jiri"]
[Result "1/2-1/2"]
[WhiteElo "2112"]
[BlackElo "2029"]
[PlyCount "73"]
[EventDate "2008.??.??"]
[EventType "corr"]
[EventRounds "2"]
[SourceDate "2008.05.07"]

1. d4 Nf6 2. c4 c5 3. d5 b5 4. cxb5 a6 5. e3 g6 6. Nc3 Bg7 7. e4 O-O 8. a4 Bb7
9. Be3 Qa5 10. Bd2 axb5 11. Bxb5 Qb6 12. Nh3 e6 13. Be3 Na6 14. a5 Qc7 15. Bf4
e5 16. Bg5 d6 17. Qf3 Nb4 18. O-O Ne8 19. Qe2 Bc8 20. a6 h6 21. Be3 Qb8 22. f4
Nc7 23. a7 Rxa7 24. Rxa7 Qxa7 25. fxe5 Bxe5 26. Bxh6 Nxb5 27. Nxb5 Qd7 28. Ra1
Rd8 29. Ra7 Qe8 30. Ng5 Bd7 31. Nc7 Qe7 32. Nf3 Bg4 33. Nb5 Qh4 34. Nxh4 Bxe2
35. Nc3 Bd4+ 36. Kh1 Bc4 37. Ra4 1/2-1/2

[Event "MCRE_CF19"]
[Site "?"]
[Date "2008.??.??"]
[Round "?"]
[White "Stika, Vaclav"]
[Black "Voracek, Miroslav"]
[Result "1/2-1/2"]
[WhiteElo "2113"]
[BlackElo "2033"]
[PlyCount "89"]
[EventDate "2008.??.??"]
[EventType "corr"]
[EventRounds "2"]
[SourceDate "2008.05.07"]

1. d4 Nf6 2. c4 g6 3. Nc3 d5 4. cxd5 Nxd5 5. e4 Nxc3 6. bxc3 Bg7 7. Nf3 c5 8.
Be3 Qa5 9. Qd2 Nc6 10. Rb1 a6 11. Rc1 cxd4 12. cxd4 Qxd2+ 13. Kxd2 f5 14. Bd3
Rf8 15. exf5 Bxf5 16. Rhd1 Rd8 17. Ke2 Rd6 18. h3 Kd7 19. Rb1 Kc8 20. Bxf5+
Rxf5 21. Rdc1 b5 22. Ne5 Kb7 23. g4 Rf8 24. a4 Nxd4+ 25. Bxd4 Rxd4 26. Nd3 Rfd8
27. Rb3 R8d5 28. axb5 axb5 29. Rc5 Rxc5 30. Nxc5+ Kc6 31. Ne6 Re4+ 32. Re3
Rxe3+ 33. Kxe3 Bb2 34. Nf8 Kd5 35. Nxh7 Kc4 36. Kd2 Bg7 37. Kc2 Bh6 38. h4 b4
39. f3 b3+ 40. Kb2 Kb4 41. Kb1 Kc5 42. f4 Kd5 43. f5 gxf5 44. gxf5 Bg7 45. Ng5
1/2-1/2

[Event "MCRE_CF19"]
[Site "?"]
[Date "2008.??.??"]
[Round "?"]
[White "Svoboda, Frantisek"]
[Black "Voracek, Miroslav"]
[Result "1/2-1/2"]
[WhiteElo "2176"]
[BlackElo "2033"]
[PlyCount "104"]
[EventDate "2008.??.??"]
[EventType "corr"]
[EventRounds "2"]
[SourceDate "2008.05.07"]

1. e4 e5 2. Nf3 Nc6 3. Bc4 Nf6 4. Nc3 Nxe4 5. O-O Nxc3 6. dxc3 h6 7. Re1 d6 8.
Nd4 Na5 9. Bb5+ c6 10. Bd3 c5 11. Nf3 Be7 12. b4 cxb4 13. cxb4 Nc6 14. a3 Be6
15. Bb2 O-O 16. Qe2 Qc7 17. Rad1 Rac8 18. c4 b6 19. Be4 Nb8 20. Bd3 Bxc4 21.
Nxe5 dxe5 22. Bxe5 Qc6 23. Bxc4 Qxc4 24. Bxb8 Bxb4 25. axb4 Qxe2 26. Rxe2 Rxb8
27. Re7 a5 28. bxa5 bxa5 29. Ra7 Ra8 30. Rdd7 Rfb8 31. g3 Rxa7 32. Rxa7 Rb1+
33. Kg2 Ra1 34. Kf3 g6 35. Ke4 Kg7 36. Kd4 Ra2 37. Ke3 Kf6 38. h4 a4 39. Ra6+
Kf5 40. h5 gxh5 41. Rxh6 Kg5 42. Ra6 a3 43. Ra4 Kf5 44. Rh4 Kg5 45. Ra4 Ra1 46.
Kf3 f6 47. Ra6 Ra2 48. Ra5+ f5 49. Ra4 Kf6 50. Ra5 Ke6 51. Ke3 Ra1 52. Kf4 a2
1/2-1/2

[Event "MCRE_CF19"]
[Site "?"]
[Date "2008.??.??"]
[Round "?"]
[White "Voracek, Miroslav"]
[Black "Svoboda, Frantisek"]
[Result "1/2-1/2"]
[WhiteElo "2033"]
[BlackElo "2176"]
[PlyCount "104"]
[EventDate "2008.??.??"]
[EventType "corr"]
[EventRounds "2"]
[SourceDate "2008.05.07"]

1. e4 Nc6 2. d4 d5 3. Nc3 Nf6 4. e5 Ne4 5. Nxe4 dxe4 6. c3 Bf5 7. Ne2 h5 8. Ng3
Bg6 9. h4 Qd5 10. Qb3 Qxb3 11. axb3 e6 12. Bc4 Ne7 13. Bg5 Nd5 14. O-O c6 15.
b4 Kd7 16. b5 f6 17. bxc6+ Kxc6 18. exf6 gxf6 19. Bxd5+ exd5 20. Bxf6 Rh7 21.
f3 exf3 22. Rxf3 Rf7 23. Raf1 Bd6 24. Be5 Rxf3 25. Rxf3 Be7 26. Bf6 Bd6 27. Nf5
Kd7 28. Kf2 Bc7 29. Be5 Bxe5 30. dxe5 Ke6 31. Ne3 Rg8 32. Rg3 b6 33. Rg5 Bf7
34. Rxg8 Bxg8 35. g4 Bf7 36. g5 Kxe5 37. Kf3 Bg6 38. Ng2 d4 39. cxd4+ Kxd4 40.
Nf4 Be8 41. g6 Ke5 42. g7 Bf7 43. Ke3 Kf5 44. Nxh5 Kg6 45. Ng3 Kxg7 46. Nf5+
Kf6 47. Nd6 Be6 48. Kd4 Bd7 49. Kd5 Kg6 50. Ne4 Bb5 51. Kd6 Bd3 52. Nc3 Kh5
1/2-1/2

[Event "MCRE_CF19"]
[Site "?"]
[Date "2008.??.??"]
[Round "?"]
[White "Necesany, Zdenek"]
[Black "Nigrin, Jiri"]
[Result "0-1"]
[WhiteElo "2149"]
[BlackElo "2029"]
[PlyCount "124"]
[EventDate "2008.??.??"]
[EventType "corr"]
[EventRounds "2"]
[SourceDate "2008.05.07"]

1. Nf3 d5 2. g3 c6 3. Bg2 Nd7 4. d4 Ngf6 5. O-O e6 6. c4 Bd6 7. Nc3 dxc4 8. e4
e5 9. Qe2 exd4 10. e5 Nxe5 11. Nxe5 O-O 12. Nxc4 dxc3 13. Nxd6 Qxd6 14. bxc3
Re8 15. Qb2 Nd5 16. Qb3 Bf5 17. c4 Nb4 18. Rd1 Qf8 19. Ba3 a5 20. Rac1 Qc5 21.
Bf1 f6 22. Rd2 Rad8 23. Rb2 Re7 24. Rd1 Rxd1 25. Qxd1 Rd7 26. Rd2 Bg4 27. Qc1
Qf5 28. Rxd7 Qxd7 29. c5 Nxa2 30. Qe1 Nb4 31. Bxb4 axb4 32. Qxb4 Be6 33. Bc4
Qd1+ 34. Kg2 Bd5+ 35. Bxd5+ Qxd5+ 36. f3 Qa2+ 37. Kf1 Qe6 38. Kf2 Qe7 39. Qc4+
Qf7 40. Qb4 g6 41. h4 f5 42. Kg2 Qe7 43. Qc4+ Kg7 44. Qc3+ Kf7 45. Qh8 Ke6 46.
Qd4 Qd7 47. Qb2 Qd3 48. f4 Qd5+ 49. Kh2 Qxc5 50. Qxb7 Qc2+ 51. Kh3 Qc1 52. Qc8+
Kd5 53. Qd7+ Ke4 54. Qe6+ Kf3 55. Qb3+ Kf2 56. Qa2+ Ke3 57. Qb3+ Kd2 58. Qa2+
Qc2 59. Qa5+ Ke2 60. h5 c5 61. hxg6 hxg6 62. Qb5+ c4 0-1

[Event "MCRE_CF19"]
[Site "?"]
[Date "2008.??.??"]
[Round "?"]
[White "Necesany, Zdenek"]
[Black "Stika, Vaclav"]
[Result "1/2-1/2"]
[WhiteElo "2149"]
[BlackElo "2113"]
[PlyCount "138"]
[EventDate "2008.??.??"]
[EventType "corr"]
[EventRounds "2"]
[SourceDate "2008.05.07"]

1. d4 Nf6 2. c4 c6 3. Nc3 d5 4. cxd5 cxd5 5. Bf4 Nc6 6. e3 Bg4 7. f3 Bd7 8. Bd3
e6 9. g4 Nb4 10. Bb1 Rc8 11. Nge2 Be7 12. a3 Nc6 13. Bd3 Na5 14. b3 Ng8 15. Be5
Bh4+ 16. Kf1 Bf6 17. Bg3 h5 18. Nb5 Bxb5 19. Bxb5+ Nc6 20. gxh5 Rxh5 21. Kf2
Kf8 22. Rc1 Nge7 23. b4 a6 24. Bd3 e5 25. dxe5 Nxe5 26. Rxc8 Qxc8 27. Qc2 Qd7
28. Nf4 Rh6 29. Be2 d4 30. Rd1 N5c6 31. e4 Be5 32. Qc5 Kg8 33. b5 axb5 34. Bxb5
Qc7 35. Ng2 Bd6 36. a4 Rg6 37. Bxd6 Rxd6 38. f4 Qd8 39. Bc4 Rf6 40. e5 Rh6 41.
Kg1 Qc8 42. Rd3 b6 43. Qb5 Nf5 44. Bd5 Nce7 45. Qc4 Qxc4 46. Bxc4 Rc6 47. Bb5
Rc1+ 48. Kf2 Rh1 49. Rb3 Rxh2 50. Bd3 Ne3 51. Be4 Nxg2 52. Rxb6 Nxf4+ 53. Kg3
Rh3+ 54. Kxf4 Rh4+ 55. Kf3 g5 56. Bb1 d3 57. Bxd3 Rxa4 58. Ra6 Rf4+ 59. Kg3 Kg7
60. Rd6 Nf5+ 61. Bxf5 Rxf5 62. Rd5 Rf4 63. Kg2 Kf8 64. e6 fxe6 65. Rxg5 Ke7 66.
Kg3 Rf5 67. Rxf5 exf5 68. Kf4 Ke6 69. Kf3 Ke5 1/2-1/2

[Event "MCRE_CF19"]
[Site "?"]
[Date "2008.??.??"]
[Round "?"]
[White "Stika, Vaclav"]
[Black "Bednarik, Radovan"]
[Result "1/2-1/2"]
[WhiteElo "2113"]
[BlackElo "2112"]
[PlyCount "95"]
[EventDate "2008.??.??"]
[EventType "corr"]
[EventRounds "2"]
[SourceDate "2008.05.07"]

1. d4 d5 2. Nf3 Nf6 3. e3 c5 4. dxc5 e6 5. c4 Bxc5 6. Be2 O-O 7. cxd5 exd5 8.
Nc3 Nc6 9. O-O Re8 10. b3 d4 11. Na4 Bd6 12. Nxd4 Nxd4 13. Qxd4 Bxh2+ 14. Kxh2
Qxd4 15. exd4 Rxe2 16. Bg5 Ng4+ 17. Kg3 h6 18. Nc3 Rc2 19. Rac1 Rxf2 20. Rxf2
Nxf2 21. Kxf2 hxg5 22. Ne4 Be6 23. Nxg5 Bd5 24. Nh3 Rd8 25. Nf4 Be4 26. g4 g5
27. Ke3 Re8 28. Nh5 Bg6+ 29. Kf3 Rd8 30. Rc4 f5 31. Rc7 Bxh5 32. gxh5 Rxd4 33.
Rxb7 Rf4+ 34. Ke3 Re4+ 35. Kd3 g4 36. h6 a6 37. Rg7+ Kh8 38. Rf7 Rf4 39. Ke3
Rf3+ 40. Ke2 f4 41. b4 Re3+ 42. Kf1 f3 43. Rg7 Re4 44. a3 Rc4 45. Kf2 Rc2+ 46.
Kf1 Rc1+ 47. Kf2 Rc2+ 48. Kf1 1/2-1/2

[Event "MCRE_CF19"]
[Site "?"]
[Date "2008.??.??"]
[Round "?"]
[White "Bednarik, Radovan"]
[Black "Stika, Vaclav"]
[Result "0-1"]
[WhiteElo "2112"]
[BlackElo "2113"]
[PlyCount "88"]
[EventDate "2008.??.??"]
[EventType "corr"]
[EventRounds "2"]
[SourceDate "2008.05.07"]

1. d4 Nf6 2. c4 e6 3. Nf3 b6 4. g3 Ba6 5. b3 Bb4+ 6. Bd2 Be7 7. Bg2 O-O 8. O-O
d5 9. Ne5 c6 10. Bf4 Nfd7 11. Nf3 dxc4 12. bxc4 Bxc4 13. Qc2 Ba6 14. Rd1 Bb7
15. h3 Na6 16. a3 Rc8 17. Nc3 Nf6 18. Be5 Nc7 19. Ng5 g6 20. Qd2 Ncd5 21. Nge4
Nxe4 22. Nxe4 f6 23. Bf4 Nxf4 24. Qxf4 f5 25. Nd2 Bg5 26. Qf3 Qxd4 27. Qb3 Qf6
28. Nf3 Bh6 29. Nd4 Rfe8 30. Nb5 cxb5 31. Bxb7 Rc5 32. e3 Re7 33. Ba6 Rec7 34.
Bxb5 Bxe3 35. Qxe3 Rxb5 36. Rac1 Rbc5 37. Rxc5 bxc5 38. Qb3 Kg7 39. Qb8 Qe7 40.
Qb2+ e5 41. Rd5 c4 42. Qc3 Kf7 43. Rxe5 Qf6 44. f4 Rc5 0-1

[Event "MCRE_CF19"]
[Site "?"]
[Date "2008.??.??"]
[Round "?"]
[White "Bednarik, Radovan"]
[Black "Svoboda, Frantisek"]
[Result "1/2-1/2"]
[WhiteElo "2112"]
[BlackElo "2176"]
[PlyCount "107"]
[EventDate "2008.??.??"]
[EventType "corr"]
[EventRounds "2"]
[SourceDate "2008.05.07"]

1. d4 Nf6 2. c4 g6 3. Nc3 d5 4. cxd5 Nxd5 5. e4 Nxc3 6. bxc3 Bg7 7. Bc4 c5 8.
Ne2 Nc6 9. Be3 O-O 10. O-O Qc7 11. Bf4 e5 12. Bg3 h5 13. dxc5 Bf6 14. h3 Qa5
15. Rb1 h4 16. Bh2 Qxc5 17. Bd5 Ne7 18. Bxb7 Rb8 19. Bxc8 Rfxc8 20. Qd3 Kg7 21.
Rxb8 Rxb8 22. Kh1 Rb2 23. f4 exf4 24. Bg1 Qc7 25. Bd4 g5 26. c4 Rb7 27. Bxf6+
Kxf6 28. Nd4 Qd6 29. Re1 Kg7 30. Rd1 Kg8 31. Qe2 Qg6 32. Nf5 Kh7 33. Rd8 Rb1+
34. Kh2 g4 35. Qxg4 Qxg4 36. hxg4 Nxf5 37. exf5 Kh6 38. Rg8 Rb2 39. Kh3 Rb1 40.
g5+ Kh5 41. Kh2 f3 42. gxf3 Rb2+ 43. Kh1 Rb1+ 44. Kg2 Rb2+ 45. Kf1 h3 46. g6
fxg6 47. f6 Rb7 48. f4 Kg4 49. Rxg6+ Kxf4 50. Kg1 Rf7 51. c5 Kf5 52. Rh6 Rxf6
53. Rxh3 Ke5 54. Ra3 1/2-1/2

[Event "MCRE_CF19"]
[Site "?"]
[Date "2008.??.??"]
[Round "?"]
[White "Voracek, Miroslav"]
[Black "Stika, Vaclav"]
[Result "1/2-1/2"]
[WhiteElo "2033"]
[BlackElo "2113"]
[PlyCount "125"]
[EventDate "2008.??.??"]
[EventType "corr"]
[EventRounds "2"]
[SourceDate "2008.05.07"]

1. e4 e5 2. Nf3 Nc6 3. Bb5 a6 4. Ba4 Nf6 5. O-O Be7 6. Re1 b5 7. Bb3 d6 8. c3
O-O 9. h3 Na5 10. Bc2 c5 11. d4 Qc7 12. Bg5 Nc4 13. b3 Nb6 14. Nbd2 b4 15. dxe5
dxe5 16. cxb4 cxb4 17. Rc1 Rd8 18. Bb1 Qd6 19. Be3 Nfd7 20. Qe2 a5 21. Bd3 Bb7
22. Red1 h6 23. Nf1 Rdc8 24. Ng3 Rxc1 25. Rxc1 Rc8 26. Rxc8+ Nxc8 27. Nf5 Qc7
28. Nd2 Bg5 29. Bxg5 hxg5 30. Qe3 f6 31. h4 Qc1+ 32. Kh2 gxh4 33. Bc4+ Kf8 34.
Qd3 Bc6 35. Be6 g6 36. Nxh4 Ke8 37. Nxg6 Ne7 38. Nh8 Qd1 39. f3 Qe1 40. Nf7
Qh4+ 41. Kg1 Qe1+ 42. Nf1 Qc3 43. Qd6 Qd4+ 44. Kh2 Qxd6 45. Nxd6+ Kf8 46. Ne3
Nc5 47. Bc4 Bd7 48. Kg3 Kg7 49. Kf2 a4 50. Nef5+ Nxf5 51. Nxf5+ Bxf5 52. exf5
axb3 53. Bxb3 Kf8 54. Kg3 Nd3 55. Bc4 Nb2 56. Be2 Na4 57. f4 Nc3 58. Kf3 e4+
59. Ke3 Nxa2 60. Bc4 Nc3 61. g4 Kg7 62. g5 Nb1 63. Bb3 1/2-1/2

[Event "MCRE_CF19"]
[Site "?"]
[Date "2008.??.??"]
[Round "?"]
[White "Bednarik, Radovan"]
[Black "Voracek, Miroslav"]
[Result "0-1"]
[WhiteElo "2112"]
[BlackElo "2033"]
[PlyCount "112"]
[EventDate "2008.??.??"]
[EventType "corr"]
[EventRounds "2"]
[SourceDate "2008.05.07"]

1. d4 Nf6 2. c4 g6 3. Nc3 d5 4. cxd5 Nxd5 5. e4 Nxc3 6. bxc3 Bg7 7. Bc4 c5 8.
Ne2 Nc6 9. Be3 O-O 10. O-O Bg4 11. f3 Na5 12. Bd3 cxd4 13. cxd4 Be6 14. Rc1
Bxa2 15. Qa4 Bb3 16. Qb4 b6 17. Rc3 Be6 18. Nf4 Qd6 19. Qxd6 exd6 20. Nxe6 fxe6
21. Ba6 d5 22. e5 Nc4 23. Kf2 Rfb8 24. Rb1 b5 25. Rxb5 Rxb5 26. Bxb5 a5 27.
Bxc4 dxc4 28. Rxc4 a4 29. Rc2 a3 30. Ra2 Bf8 31. Ke2 Rb8 32. Bc1 Rb3 33. Ra1
Bb4 34. h3 Kf7 35. Kd1 Ke8 36. Kc2 Rc3+ 37. Kb1 Kd7 38. Ka2 Kc6 39. Rb1 Be7 40.
Rb8 Kc7 41. Rb1 g5 42. f4 gxf4 43. Bxf4 Rc2+ 44. Kb3 Rxg2 45. Rc1+ Kd7 46. Rc2
Rxc2 47. Kxc2 Kc6 48. Bc1 Kd5 49. Kc3 h5 50. Be3 Ke4 51. Bc1 h4 52. Kc4 a2 53.
Bb2 Kf3 54. Kb3 Kg3 55. Kxa2 Kxh3 56. d5 Kg3 0-1

[Event "MCRE_CF19"]
[Site "?"]
[Date "2008.??.??"]
[Round "?"]
[White "Necesany, Zdenek"]
[Black "Bednarik, Radovan"]
[Result "1/2-1/2"]
[WhiteElo "2149"]
[BlackElo "2112"]
[PlyCount "99"]
[EventDate "2008.??.??"]
[EventType "corr"]
[EventRounds "2"]
[SourceDate "2008.05.07"]

1. d4 d5 2. c4 c6 3. Nc3 Nf6 4. cxd5 cxd5 5. Bf4 Nc6 6. e3 e6 7. Bd3 Be7 8. Nf3
Nh5 9. Be5 O-O 10. Rc1 Bd7 11. O-O Rc8 12. g4 Nf6 13. h3 Ne8 14. Bf4 Bd6 15.
Ne2 Qe7 16. Bb1 Bxf4 17. Nxf4 Nd6 18. Qd3 Ne4 19. Qe2 a6 20. Rfd1 Nb4 21. Qe1
Bb5 22. b3 a5 23. Rxc8 Rxc8 24. Rc1 Rd8 25. a3 Nc6 26. a4 Ba6 27. Ne5 Nxe5 28.
dxe5 Nc5 29. Qc3 b6 30. b4 axb4 31. Qxb4 Bc4 32. Qxb6 Nxa4 33. Qd4 Rb8 34. Bc2
Nc5 35. e4 Rd8 36. exd5 exd5 37. Re1 Na6 38. e6 Nc7 39. Bd3 fxe6 40. Bxc4 dxc4
41. Qxc4 Qf7 42. Re4 Rf8 43. Qd4 Qf6 44. Qxf6 Rxf6 45. Kg2 g5 46. Nh5 Rf8 47.
f4 gxf4 48. Nxf4 Kf7 49. Re5 Ke7 50. Kg3 1/2-1/2

[Event "MCRE_CF19"]
[Site "?"]
[Date "2008.??.??"]
[Round "?"]
[White "Bednarik, Radovan"]
[Black "Necesany, Zdenek"]
[Result "1/2-1/2"]
[WhiteElo "2112"]
[BlackElo "2149"]
[PlyCount "94"]
[EventDate "2008.??.??"]
[EventType "corr"]
[EventRounds "2"]
[SourceDate "2008.05.07"]

1. d4 d6 2. Nf3 g6 3. c4 Bg7 4. e4 Bg4 5. Be2 Nc6 6. Be3 Bxf3 7. Bxf3 e5 8. d5
Nd4 9. Nd2 Ne7 10. O-O O-O 11. Nb3 c5 12. Nxd4 exd4 13. Bg5 Qd7 14. Re1 Rae8
15. Rc1 f6 16. Bd2 f5 17. b4 cxb4 18. Bxb4 b6 19. Qd3 Be5 20. Bd2 Bf6 21. a3
Kg7 22. Re2 Be5 23. Rce1 f4 24. Bc1 Ng8 25. Bb2 Nh6 26. Bxd4 Nf7 27. Rc2 Bxd4
28. Qxd4+ Ne5 29. Rc3 Rc8 30. Be2 Rc5 31. Rb1 Rfc8 32. Rb4 Qf7 33. Rb5 Qf6 34.
Rxc5 Rxc5 35. Kf1 h5 36. h3 Rc8 37. Qd1 Nd7 38. Rc2 Qe5 39. Bf3 Nf6 40. Kg1 Kh6
41. Qd3 g5 42. Ra2 b5 43. Rc2 Qa1+ 44. Kh2 g4 45. Qd2 gxf3 46. Qxf4+ Kg7 47.
gxf3 bxc4 1/2-1/2

[Event "MCRE_CF19"]
[Site "?"]
[Date "2008.??.??"]
[Round "?"]
[White "Voracek, Miroslav"]
[Black "Bednarik, Radovan"]
[Result "1/2-1/2"]
[WhiteElo "2033"]
[BlackElo "2112"]
[PlyCount "133"]
[EventDate "2008.??.??"]
[EventType "corr"]
[EventRounds "2"]
[SourceDate "2008.05.07"]

1. e4 c5 2. Nf3 e6 3. d4 cxd4 4. Nxd4 a6 5. Nc3 Qc7 6. Be3 Nf6 7. f3 Bb4 8.
Nde2 d5 9. e5 Qxe5 10. Bf4 Qf5 11. g4 Qg6 12. h4 h5 13. g5 Nfd7 14. a3 Bc5 15.
Na4 Be7 16. Bc7 Nc6 17. Nf4 Qh7 18. Bd3 g6 19. c4 dxc4 20. Be4 O-O 21. Qe2 Nce5
22. O-O-O Ra7 23. Nb6 Bc5 24. Bxg6 Nxg6 25. Nxg6 Qxg6 26. Nxd7 Bxd7 27. Rxd7 b5
28. Rhd1 Qf5 29. Be5 Rxd7 30. Rxd7 Rc8 31. f4 c3 32. bxc3 Bxa3+ 33. Kd2 Qg6 34.
Qf3 Rf8 35. Qc6 b4 36. Qxa6 Qe4 37. Qd3 bxc3+ 38. Kxc3 Rc8+ 39. Kb3 Qb4+ 40.
Ka2 Qa4 41. Rd8+ Bf8+ 42. Kb1 Qb4+ 43. Bb2 Qe1+ 44. Qd1 Qe4+ 45. Qd3 Qxd3+ 46.
Rxd3 Bg7 47. Bc1 Rc3 48. Rd8+ Kh7 49. Rd7 Kg6 50. Rb7 Rh3 51. Rb4 Rh2 52. Rc4
Re2 53. Ra4 Rg2 54. Rc4 Rh2 55. Rb4 f6 56. Ra4 fxg5 57. fxg5 Be5 58. Be3 Bg3
59. Ra6 Kf5 60. g6 Bxh4 61. g7 Rg2 62. Bd4 e5 63. Rh6 exd4 64. Rxh5+ Ke4 65.
Rxh4+ Kd3 66. Rh3+ Kc4 67. Kc1 1/2-1/2